[Event "TCh-CHN 2016"]
[Site "China CHN"]
[Date "2016.04.13"]
[Round "2.4"]
[Board "3"]
[White "Fang, Yuxiang"]
[Black "Zhou, Weiqi"]
[Result "1/2-1/2"]
[WhiteTitle "IM"]
[BlackTitle "GM"]
[WhiteElo "2502"]
[BlackElo "2635"]
[WhiteTeam "Qingdao"]
[BlackTeam "Chongqing"]
[WhiteFideId "8605840"]
[BlackFideId "8601674"]
[EventDate "2016.04.12"]

1. Nf3 d5 2. d4 c6 3. Bf4 Bf5 4. e3 e6 5. Bd3 Ne7 6. O-O Nd7 7. h3 Bxd3 8. Qxd3
Ng6 9. Bg3 Be7 10. c4 O-O 11. Nc3 Qa5 12. cxd5 cxd5 13. Qb5 Qxb5 14. Nxb5 a6 15.
Nd6 Bxd6 16. Bxd6 Rfc8 17. Rfc1 f6 18. Kf1 Kf7 19. Ke2 Ne7 20. Bxe7 Kxe7 21. Kd2
Kd6 22. Rxc8 Rxc8 23. Rc1 Rf8 24. Ne1 e5 25. Nd3 e4 26. Nc5 Nxc5 27. Rxc5 f5 28.
Rc3 f4 29. Rb3 f3 30. g3 b5 31. Ra3 Ra8 32. Rc3 g5 33. Ke1 Rb8 34. Rc5 Rf8 35.
Kf1 1/2-1/2

[Event "TCh-CHN 2016"]
[Site "China CHN"]
[Date "2016.04.13"]
[Round "2.4"]
[Board "4"]
[White "Tan, Zhongyi"]
[Black "Hong, Xing"]
[Result "1-0"]
[WhiteTitle "WGM"]
[WhiteElo "2518"]
[BlackElo "1986"]
[WhiteTeam "Chongqing"]
[BlackTeam "Qingdao"]
[WhiteFideId "8603642"]
[BlackFideId "8606129"]
[EventDate "2016.04.12"]

1. d4 Nf6 2. Nf3 e6 3. c4 d5 4. g3 Nc6 5. Bg2 Bd6 6. O-O O-O 7. Qc2 b6 8. Nbd2
Bb7 9. a3 e5 10. dxe5 Bxe5 11. cxd5 Qxd5 12. Nh4 Qe6 13. Ndf3 Na5 14. Nxe5 Bxg2
15. Nxg2 Qxe5 16. Bf4 Qe4 17. Qxe4 Nxe4 18. f3 Nd6 19. Rac1 Nb5 20. e3 Nb3 21.
Rc2 Nc5 22. b4 Ne6 23. a4 Nd6 24. Rd1 a5 25. b5 Nc5 26. Ra1 Rae8 27. Ra3 Re6 28.
e4 f5 29. Be3 Ndb7 30. Nf4 Ree8 31. Nd5 fxe4 32. Nxc7 Rd8 33. fxe4 Nxe4 34. Bxb6
Ng5 35. Kg2 Rf6 36. Bg1 Rd1 37. Be3 Nf3 38. Bf2 Ne5 39. Na6 h5 40. h3 Nd3 41.
Raa2 Kh7 42. Rd2 Nxf2 43. Rxf2 Re6 44. Rae2 Red6 45. Re7 Nd8 46. Nc7 Rb1 47.
Rxg7+ Kh6 48. Re7 Rdd1 49. h4 Rg1+ 50. Kh3 Rh1+ 51. Rh2 Rhg1 52. Nd5 Nb7 53. Ne3
Nc5 54. Rd2 Rh1+ 55. Kg2 Rbg1+ 56. Kf3 1-0

[Event "TCh-CHN 2016"]
[Site "China CHN"]
[Date "2016.04.13"]
[Round "2.4"]
[Board "5"]
[White "Lei, Tingjie"]
[Black "Zhou, Guijue"]
[Result "1-0"]
[WhiteTitle "WGM"]
[BlackTitle "WIM"]
[WhiteElo "2504"]
[BlackElo "2239"]
[WhiteTeam "Chongqing"]
[BlackTeam "Qingdao"]
[WhiteFideId "8605114"]
[BlackFideId "8602905"]
[EventDate "2016.04.12"]

1. Nf3 d5 2. g3 Nf6 3. Bg2 e6 4. c4 c6 5. d4 Be7 6. O-O O-O 7. Qc2 b6 8. Rd1 Bb7
9. b3 Nbd7 10. Nc3 Rc8 11. e4 Nxe4 12. Nxe4 dxe4 13. Qxe4 Qc7 14. Bf4 Bd6 15.
Bxd6 Qxd6 16. Ne5 Rfd8 17. Bf3 Qe7 18. Rac1 h6 19. h4 Ba8 20. c5 Nxe5 21. dxe5
Rxd1+ 22. Bxd1 Rd8 23. Bf3 Qc7 24. b4 Rd5 25. Qf4 Rd8 26. Qe3 Bb7 27. a4 b5 28.
axb5 cxb5 29. c6 Bc8 30. Qc5 a5 31. Ra1 Rd3 32. Be4 1-0

[Event "TCh-CHN 2016"]
[Site "China CHN"]
[Date "2016.04.13"]
[Round "2.5"]
[Board "1"]
[White "Lin, Chen"]
[Black "Yu, Kaifeng"]
[Result "1-0"]
[WhiteTitle "GM"]
[BlackTitle "FM"]
[WhiteElo "2526"]
[BlackElo "2220"]
[WhiteTeam "Jiangsu"]
[BlackTeam "Shenzhen"]
[WhiteFideId "8602298"]
[BlackFideId "8609667"]
[EventDate "2016.04.12"]

1. e4 c5 2. Nf3 d6 3. d4 cxd4 4. Qxd4 a6 5. Be3 Nc6 6. Qd2 Nf6 7. Nc3 g6 8.
O-O-O Bd7 9. Nd5 Nxe4 10. Qe1 f5 11. Bb6 Bh6+ 12. Kb1 Qc8 13. Nc7+ Kf8 14. Nxa8
Qxa8 15. Bc4 e6 16. Nd4 Qc8 17. f3 Ne5 18. Bb3 Nf6 19. Nxe6+ Bxe6 20. Rxd6 Bxb3
21. Rd8+ Kf7 22. Rxc8 Rxc8 23. axb3 Ned7 24. Bd4 Bf8 25. g4 Bc5 26. Bxf6 Nxf6
27. gxf5 gxf5 28. Qe5 Be7 29. Re1 Re8 30. Qxf5 Kf8 31. b4 Kf7 32. c4 Kf8 33. Re6
Kf7 34. Rb6 Rb8 35. Qe5 Nd7 36. Qd5+ Ke8 37. Rxb7 Rxb7 38. Qxb7 Ne5 39. Qb8+ 1-0

[Event "TCh-CHN 2016"]
[Site "China CHN"]
[Date "2016.04.13"]
[Round "2.5"]
[Board "2"]
[White "Yu, Ruiyuan"]
[Black "Zhu, Yi"]
[Result "1-0"]
[WhiteTitle "GM"]
[BlackTitle "FM"]
[WhiteElo "2516"]
[BlackElo "2318"]
[WhiteTeam "Jiangsu"]
[BlackTeam "Shenzhen"]
[WhiteFideId "8603090"]
[BlackFideId "8607435"]
[EventDate "2016.04.12"]

1. e4 c5 2. Nf3 d6 3. d4 cxd4 4. Nxd4 Nf6 5. Nc3 a6 6. f4 e5 7. Nf3 Nbd7 8. a4
Be7 9. Bd3 O-O 10. O-O Qa5 11. Bd2 exf4 12. Kh1 Ne5 13. Nd5 Qd8 14. Nxe7+ Qxe7
15. Bxf4 Bg4 16. Bg5 Bh5 17. Qe1 Bxf3 18. gxf3 h6 19. Bd2 Rfe8 20. Qg3 Kh7 21.
f4 Nxd3 22. cxd3 d5 23. e5 Nd7 24. Rg1 f6 25. e6 Nc5 26. Qg6+ Kh8 27. Bb4 b6 28.
d4 1-0

[Event "TCh-CHN 2016"]
[Site "China CHN"]
[Date "2016.04.13"]
[Round "2.5"]
[Board "3"]
[White "Wei, Yi"]
[Black "Zhao, Chenxi"]
[Result "1-0"]
[WhiteTitle "GM"]
[WhiteElo "2700"]
[BlackElo "2035"]
[WhiteTeam "Jiangsu"]
[BlackTeam "Shenzhen"]
[WhiteFideId "8603405"]
[BlackFideId "8611513"]
[EventDate "2016.04.12"]

1. d4 Nf6 2. c4 e6 3. Nc3 Bb4 4. Qc2 c5 5. dxc5 O-O 6. a3 Bxc5 7. Nf3 b6 8. e4
Nc6 9. b4 Nd4 10. Qd2 Nxf3+ 11. gxf3 Be7 12. Rg1 Ne8 13. Bb2 Bf6 14. f4 d6 15.
Qe3 Bb7 16. e5 dxe5 17. fxe5 Be7 18. Rd1 Qc8 19. Nb5 Ba6 20. Nd6 Bxd6 21. exd6
Qd7 22. Bxg7 Nxg7 23. Rxg7+ Kxg7 24. Qg5+ Kh8 25. Qf6+ Kg8 26. Rd3 1-0

[Event "TCh-CHN 2016"]
[Site "China CHN"]
[Date "2016.04.13"]
[Round "2.5"]
[Board "4"]
[White "Xu, Yuze"]
[Black "Yuan, Ye"]
[Result "0-1"]
[WhiteElo "1812"]
[BlackElo "2212"]
[WhiteTeam "Shenzhen"]
[BlackTeam "Jiangsu"]
[WhiteFideId "8614466"]
[BlackFideId "8608415"]
[EventDate "2016.04.12"]

1. e4 c5 2. c3 e6 3. d4 d5 4. exd5 Qxd5 5. Nf3 Nc6 6. Na3 Qd8 7. Nc2 Nf6 8. Bg5
Qb6 9. Rb1 Be7 10. dxc5 Bxc5 11. Be3 O-O 12. Bxc5 Qxc5 13. Ne3 e5 14. Qc2 e4 15.
Nd2 Qe7 16. Be2 b6 17. O-O Bb7 18. Rfe1 Ne5 19. Nb3 Nfd7 20. Nd4 g6 21. Nb5 f5
22. Nc4 Nxc4 23. Bxc4+ Kh8 24. Qd2 Ne5 25. Bb3 Rad8 26. Nd4 Qh4 27. Qe2 Rde8 28.
Bc2 Ng4 29. h3 Nf6 30. Qf1 f4 31. Bb3 Nh5 32. Nb5 f3 33. g4 0-1

[Event "TCh-CHN 2016"]
[Site "China CHN"]
[Date "2016.04.13"]
[Round "2.5"]
[Board "5"]
[White "Du, Yuxin"]
[Black "Guo, Qi"]
[Result "1/2-1/2"]
[BlackTitle "IM"]
[WhiteElo "2074"]
[BlackElo "2436"]
[WhiteTeam "Shenzhen"]
[BlackTeam "Jiangsu"]
[WhiteFideId "8610282"]
[BlackFideId "8604002"]
[EventDate "2016.04.12"]

1. e4 c5 2. Nf3 e6 3. g3 Nc6 4. Bg2 Nf6 5. Qe2 d5 6. exd5 Nxd5 7. O-O Be7 8. Rd1
Qb6 9. c3 Bd7 10. Na3 Rd8 11. Nc2 O-O 12. d4 cxd4 13. Nfxd4 Nxd4 14. Nxd4 Ba4
15. Nb3 Rfe8 16. c4 Nb4 17. Be3 Rxd1+ 18. Qxd1 Qc7 19. Qe2 e5 20. Be4 g6 21. c5
Bc6 22. Qc4 Bxe4 23. Qxe4 Nc6 24. Rd1 Rd8 25. Rd5 Qc8 26. Nd2 Qe6 27. Rxd8+ Bxd8
28. Qc4 Qxc4 29. Nxc4 Be7 30. Kf1 f5 31. a3 Kf7 32. b4 a6 33. Ke2 Ke6 34. f3 Bd8
35. Kd3 Kd5 36. Nd6 b5 37. Bf2 Ke6 38. g4 Bg5 39. gxf5+ gxf5 40. Be3 Be7 41. Ne8
Bd8 42. Ng7+ Kf6 43. Ne8+ Kf7 44. Nd6+ Ke6 45. Bf2 Bg5 46. Be3 Bh4 47. h3 Bd8
48. Bf2 Bg5 49. Be3 Bh4 50. Bg1 Bg5 51. Be3 Be7 52. Ne8 Kd7 53. Ng7 f4 54. Bf2
Bf8 55. Nf5 Ke6 56. Ke4 a5 57. Be1 axb4 58. axb4 Nb8 59. Bh4 Na6 60. Be1 Bxc5
61. Ng7+ Kf7 62. bxc5 Nxc5+ 63. Kd5 Nd3 64. Bc3 b4 65. Ba1 Kxg7 66. Kc4 Nf2 67.
Bxe5+ Kg6 68. Bxf4 Nxh3 69. Bg3 Ng5 70. Kxb4 Nxf3 71. Kc3 Kg5 72. Kd3 Kg4 73.
Bc7 h5 74. Bd8 Ne5+ 75. Ke2 Nf7 76. Be7 Ne5 77. Kf2 Ng6 78. Bd8 Nf4 79. Be7 h4
80. Bxh4 Kxh4 1/2-1/2

[Event "TCh-CHN 2016"]
[Site "China CHN"]
[Date "2016.04.13"]
[Round "2.6"]
[Board "1"]
[White "Malakhov, Vladimir"]
[Black "Bai, Jinshi"]
[Result "1-0"]
[WhiteTitle "GM"]
[BlackTitle "GM"]
[WhiteElo "2695"]
[BlackElo "2564"]
[WhiteTeam "Tianjing"]
[BlackTeam "Hangzhou"]
[WhiteFideId "4120787"]
[BlackFideId "8602280"]
[EventDate "2016.04.12"]

1. c4 g6 2. Nf3 Bg7 3. e4 e5 4. d4 exd4 5. Nxd4 Nf6 6. Bd3 Nc6 7. Ne2 O-O 8. O-O
Ne5 9. Nbc3 d6 10. b3 Nfg4 11. h3 Nxd3 12. Qxd3 Ne5 13. Qg3 f5 14. Bg5 Qe8 15.
exf5 Bxf5 16. Rad1 Qf7 17. Nd4 Rae8 18. Nxf5 gxf5 19. Nd5 Kh8 20. Be3 Rg8 21. f4
Ng6 22. Bd4 Re4 23. Bxg7+ Qxg7 24. Rd2 c6 25. Nc3 Re6 26. Ne2 Qf6 27. Qg5 Qf8
28. Nd4 Rf6 29. Re1 c5 30. Re8 Qf7 31. Rxg8+ Kxg8 32. Nb5 Qe7 33. Kh2 Kf8 34.
Rd5 a6 35. Rxf5 Rxf5 36. Qxf5+ Kg7 37. Nc3 Qf6 38. Qxf6+ Kxf6 39. Nd5+ Kf5 40.
g4+ Ke4 41. f5 Ne5 42. Nf6+ Kf4 43. Nd5+ Kf3 44. a4 a5 45. Nf6 h6 46. h4 Kf4 47.
Kh3 Nd3 48. Nd5+ Ke5 49. f6 Ke6 50. g5 hxg5 51. hxg5 Ne5 52. Kh4 Kf7 53. Kh5 1-0

[Event "TCh-CHN 2016"]
[Site "China CHN"]
[Date "2016.04.13"]
[Round "2.6"]
[Board "2"]
[White "Wang, Yue"]
[Black "Gao, Rui"]
[Result "1/2-1/2"]
[WhiteTitle "GM"]
[BlackTitle "GM"]
[WhiteElo "2718"]
[BlackElo "2552"]
[WhiteTeam "Tianjing"]
[BlackTeam "Hangzhou"]
[WhiteFideId "8601429"]
[BlackFideId "8602387"]
[EventDate "2016.04.12"]

1. Nf3 Nf6 2. c4 c5 3. Nc3 Nc6 4. e3 e6 5. d4 d5 6. cxd5 exd5 7. Bb5 Bd6 8. dxc5
Bxc5 9. O-O O-O 10. b3 Bg4 11. Bb2 a6 12. Bxc6 bxc6 13. Rc1 Qd6 14. Ne2 Ne4 15.
Nfd4 Bd7 16. Ng3 Nxg3 17. hxg3 Bb6 18. Qc2 Rfc8 19. Rfd1 Qg6 20. Ba3 c5 21. Ne2
Qxc2 22. Rxc2 Bf5 23. Rcd2 c4 24. bxc4 dxc4 25. Bb4 Rd8 26. Bc3 f6 27. Nd4 Bxd4
28. Rxd4 Bd3 29. Rf4 Rd5 30. g4 Re8 31. Re1 Rb5 32. f3 Reb8 33. Rd4 Rb1 34. Rxb1
Rxb1+ 35. Kh2 Rc1 36. Bb4 Rc2 37. a3 Bf1 38. Rd2 Rxd2 39. Bxd2 g6 40. e4 h5 41.
gxh5 gxh5 42. Bc3 Kf7 43. Kg1 Bd3 44. g3 Ke6 45. Kf2 f5 46. Ke3 fxe4 47. fxe4
Bf1 48. Kd4 Bg2 49. e5 Bc6 50. Kc5 Bb5 51. Kd4 Bd7 52. Kc5 Bb5 53. Kd4 Bd7 54.
Kc5 Bb5 55. Kd4 1/2-1/2

[Event "TCh-CHN 2016"]
[Site "China CHN"]
[Date "2016.04.13"]
[Round "2.6"]
[Board "3"]
[White "Chu, Wei Chao"]
[Black "Ma, Qun"]
[Result "0-1"]
[WhiteTitle "IM"]
[BlackTitle "GM"]
[WhiteElo "2331"]
[BlackElo "2613"]
[WhiteTeam "Tianjing"]
[BlackTeam "Hangzhou"]
[WhiteFideId "8605661"]
[BlackFideId "8603154"]
[EventDate "2016.04.12"]

1. d4 d5 2. c4 e6 3. Nf3 c6 4. g3 dxc4 5. Bg2 b5 6. O-O Bb7 7. Nc3 Nf6 8. Ne5 a6
9. a4 Qc8 10. b3 b4 11. Na2 c3 12. a5 c5 13. e4 Nbd7 14. Nc4 cxd4 15. Qxd4 Qc5
16. Qd1 Bxe4 17. Bxe4 Nxe4 18. Qf3 f5 19. Be3 Qb5 20. Bd4 Ndc5 21. Qh5+ g6 22.
Qh4 Be7 23. Qh6 Nxb3 24. Bxh8 Qxc4 25. Qxh7 Nxa1 26. Qg8+ Bf8 27. Rd1 Nd2 28.
Nxc3 O-O-O 29. Rxa1 bxc3 30. Bxc3 Bb4 0-1

[Event "TCh-CHN 2016"]
[Site "China CHN"]
[Date "2016.04.13"]
[Round "2.6"]
[Board "4"]
[White "Gu, Tianlu"]
[Black "Khotenashvili, Bela"]
[Result "1-0"]
[WhiteTitle "WIM"]
[BlackTitle "GM"]
[WhiteElo "2255"]
[BlackElo "2493"]
[WhiteTeam "Hangzhou"]
[BlackTeam "Tianjing"]
[WhiteFideId "8603995"]
[BlackFideId "13602640"]
[EventDate "2016.04.12"]

1. d4 Nf6 2. Bg5 d5 3. e3 c5 4. Bxf6 gxf6 5. dxc5 Nc6 6. Nd2 Qa5 7. Nf3 e5 8. c4
Be6 9. cxd5 Bxd5 10. a3 Qxc5 11. Rc1 Qa5 12. Bc4 Rd8 13. Bxd5 Rxd5 14. Qc2 Rc5
15. Qb1 Qb5 16. Rxc5 Bxc5 17. Qc2 Be7 18. Nh4 O-O 19. Nf5 Rd8 20. Qc4 Qxc4 21.
Nxc4 Rd5 22. Ke2 Rc5 23. b3 b5 24. Nd2 Kf8 25. Ne4 Rc2+ 26. Kd3 Rb2 27. Rc1
Rxb3+ 28. Ke2 Nd8 29. Rc7 Bxa3 30. Rc8 Be7 31. Rc7 Ba3 32. Rxa7 Bb4 33. Nxf6 Ra3
34. Nd7+ Ke8 35. Nf6+ Kf8 36. Nxh7+ Kg8 37. Nf6+ Kh8 38. Rxa3 Bxa3 39. Kd3 Bb4
40. Nd5 Be1 41. Ke2 Ba5 42. Nd6 Kg7 43. Nxb5 Ne6 44. Nd6 Bd8 45. g3 Kg6 46. f4
Nc5 47. fxe5 Kg7 48. h4 Nd7 49. Nb7 Bxh4 50. gxh4 Nxe5 51. Nd6 Kg6 52. Nf4+ Kf6
53. h5 Kg5 54. Ne4+ Kh6 55. Ng3 Kg5 56. Ne4+ Kh6 57. Nc5 f5 58. Nce6 Ng4 59. Nd4
Kg5 60. Nf3+ Kh6 61. Kd3 Nf6 62. Kd4 Ng4 63. Ne5 Nh2 64. Nf7+ Kg7 65. Nd6 Kf6
66. h6 Nf3+ 67. Kd5 Ng5 68. Ne8+ Kf7 69. Ke5 Kxe8 70. Kxf5 Nf7 71. Kg6 Kf8 72.
h7 1-0

[Event "TCh-CHN 2016"]
[Site "China CHN"]
[Date "2016.04.13"]
[Round "2.6"]
[Board "5"]
[White "Dzagnidze, Nana"]
[Black "Xiao, Yiyi"]
[Result "1-0"]
[WhiteTitle "GM"]
[BlackTitle "WFM"]
[WhiteElo "2535"]
[BlackElo "2222"]
[WhiteTeam "Hangzhou"]
[BlackTeam "Tianjing"]
[WhiteFideId "13601903"]
[BlackFideId "8606161"]
[EventDate "2016.04.12"]

1. d4 Nf6 2. Bf4 g6 3. Nf3 Bg7 4. Nc3 c5 5. d5 d6 6. e4 Qa5 7. Bd2 O-O 8. Be2 a6
9. h3 Qc7 10. a4 e5 11. O-O b6 12. Be3 Nh5 13. Qc1 Nd7 14. Ne1 Nhf6 15. Nf3 Qd8
16. Nd2 Qe7 17. Qb1 Rb8 18. b4 Ne8 19. Ra3 f5 20. f3 Nef6 21. Rb3 Nh5 22. bxc5
dxc5 23. Nc4 Qf6 24. Re1 Qh4 25. Bf1 Nf4 26. Bf2 Qd8 27. Kh2 Bh6 28. Be3 Bg7 29.
Bd3 Qh4 30. Rf1 Bh6 31. Qe1 Qf6 32. d6 Bb7 33. Nxb6 Qxd6 34. Bc4+ Kh8 35. Qd1
Qxd1 36. Rxd1 Nxb6 37. Rxb6 fxe4 38. fxe4 Bg7 39. Rdb1 1-0

[Event "TCh-CHN 2016"]
[Site "China CHN"]
[Date "2016.04.14"]
[Round "3.1"]
[Board "1"]
[White "Ma, Qun"]
[Black "Liu, Chang"]
[Result "1-0"]
[WhiteTitle "GM"]
[WhiteElo "2613"]
[BlackElo "2376"]
[WhiteTeam "Hangzhou"]
[BlackTeam "Guangdong"]
[WhiteFideId "8603154"]
[BlackFideId "8606340"]
[EventDate "2016.04.12"]

1. d4 Nf6 2. c4 g6 3. Nc3 Bg7 4. e4 d6 5. Nf3 O-O 6. h3 c5 7. d5 e6 8. Bd3 exd5
9. cxd5 Re8 10. O-O Nbd7 11. Re1 a6 12. Bf4 Qc7 13. a4 Rb8 14. Bh2 Ne5 15. Bxe5
dxe5 16. a5 Bd7 17. Nd2 Red8 18. Nc4 Ne8 19. d6 Qc6 20. Bc2 Be6 21. Ba4 b5 22.
axb6 Qb7 23. Nd5 Bxd5 24. exd5 Nxd6 25. Bc6 Qc8 26. Nxd6 Rxd6 27. Qb3 Rxc6 28.
dxc6 Qxc6 29. Rxa6 e4 30. Qc4 Bd4 31. b4 Rxb6 32. Rxb6 Qxb6 33. b5 Qf6 34. Qa2
c4 35. Rxe4 c3 36. g3 Qd6 37. Rf4 Bf6 38. Kg2 Kg7 39. Qa8 Qd2 40. Qf3 c2 41.
Rxf6 c1=Q 42. Rxf7+ Kh6 43. Qb7 Qc5 44. Rxh7+ Kg5 45. h4+ Kf5 46. Qf7+ Ke5 47.
Qe8+ 1-0

[Event "TCh-CHN 2016"]
[Site "China CHN"]
[Date "2016.04.14"]
[Round "3.1"]
[Board "2"]
[White "Bai, Jinshi"]
[Black "Zeng, Chongsheng"]
[Result "1/2-1/2"]
[WhiteTitle "GM"]
[BlackTitle "GM"]
[WhiteElo "2564"]
[BlackElo "2549"]
[WhiteTeam "Hangzhou"]
[BlackTeam "Guangdong"]
[WhiteFideId "8602280"]
[BlackFideId "8603847"]
[EventDate "2016.04.12"]

1. d4 Nf6 2. c4 e6 3. g3 Bb4+ 4. Bd2 Qe7 5. Bg2 Nc6 6. e3 O-O 7. Ne2 d5 8. a3
Bxd2+ 9. Nxd2 Rd8 10. O-O e5 11. cxd5 Nxd5 12. e4 Nf6 13. d5 Nb8 14. Nc3 b6 15.
b4 c6 16. Qb3 Bb7 17. Rac1 Nbd7 18. Rfd1 Rac8 19. Nc4 cxd5 20. exd5 e4 21. Re1
Qf8 22. Rcd1 h6 23. Nd2 Ba6 24. Ndxe4 Bc4 25. Qb2 a5 26. Nd2 axb4 27. axb4 b5
28. Nxc4 bxc4 29. d6 Rb8 30. Qa3 Nb6 31. b5 Nc8 32. Rd4 Rxd6 33. Rxc4 Nb6 34.
Rc6 Rd2 35. Qxf8+ Kxf8 36. Bf3 Nfd7 37. Rc7 Rc2 38. Be4 Re8 39. Bxc2 Rxe1+ 40.
Kg2 Re5 41. Be4 Ke7 42. Bc6 Kd8 43. Ra7 Re7 44. Ra6 Re5 45. h4 Nc8 46. Ra2 Ndb6
47. Ne2 Kc7 48. Nd4 Kd6 49. Rd2 Kc5 50. Nf3 Re7 51. Rc2+ Kb4 52. Nd4 g6 53. h5
Re1 54. hxg6 fxg6 55. Bb7 Rd1 56. Nf3 Nd6 57. Bc6 Nbc4 58. Re2 Nxb5 59. Re4 Kc5
60. Bxb5 Kxb5 61. Nh4 Rd6 62. Re7 Rf6 63. g4 Nd6 64. Nf3 Kc6 65. Kg3 g5 66. Re5
Kd7 67. Nd4 Rf4 68. Rd5 Ke7 69. f3 Rf6 70. Re5+ Kf7 71. Rd5 Kg6 72. Re5 h5 73.
gxh5+ Kxh5 74. Rd5 Kg6 75. Re5 Nf5+ 76. Nxf5 Rxf5 77. Re6+ Kh5 78. Rc6 Rf4 79.
Re6 Rf5 1/2-1/2

[Event "TCh-CHN 2016"]
[Site "China CHN"]
[Date "2016.04.14"]
[Round "3.1"]
[Board "3"]
[White "Gao, Rui"]
[Black "Xu, Yinglun"]
[Result "1/2-1/2"]
[WhiteTitle "GM"]
[WhiteElo "2552"]
[BlackElo "2523"]
[WhiteTeam "Hangzhou"]
[BlackTeam "Guangdong"]
[WhiteFideId "8602387"]
[BlackFideId "8604940"]
[EventDate "2016.04.12"]

1. e4 c5 2. Nf3 d6 3. d4 cxd4 4. Nxd4 Nf6 5. Nc3 a6 6. Bg5 Nbd7 7. Qe2 h6 8. Bh4
g6 9. f4 e5 10. fxe5 dxe5 11. O-O-O Qc7 12. Nb3 b5 13. Nd5 Nxd5 14. exd5 Bd6 15.
g4 Bb7 16. Bg2 Rc8 17. Kb1 O-O 18. Be4 b4 19. Rd3 a5 20. Rh3 Kg7 21. Rf1 f6 22.
Qe3 Rh8 23. Rhf3 Rhf8 24. Rh3 Rh8 25. Rhf3 Rhf8 26. Rh3 1/2-1/2

[Event "TCh-CHN 2016"]
[Site "China CHN"]
[Date "2016.04.14"]
[Round "3.1"]
[Board "4"]
[White "Li, Xueyi"]
[Black "Gu, Tianlu"]
[Result "0-1"]
[BlackTitle "WIM"]
[WhiteElo "2112"]
[BlackElo "2255"]
[WhiteTeam "Guangdong"]
[BlackTeam "Hangzhou"]
[WhiteFideId "8605912"]
[BlackFideId "8603995"]
[EventDate "2016.04.12"]

1. d4 d5 2. c4 e6 3. Nc3 c6 4. Nf3 dxc4 5. e4 b5 6. a4 Bb4 7. Be2 Nf6 8. Qc2 Bb7
9. O-O a6 10. Bg5 h6 11. Bh4 g5 12. Bg3 Nbd7 13. Rad1 Qb6 14. Ne5 Rg8 15. Kh1
Nxe5 16. dxe5 Nd7 17. Bh5 Rf8 18. f4 gxf4 19. Rxf4 O-O-O 20. Bxf7 Kb8 21. Bxe6
Rxf4 22. Bxf4 Nc5 23. Bg4 Nd3 24. Bg3 Rg8 25. Qe2 Ka8 26. axb5 Bxc3 27. bxa6
Bxe5 28. axb7+ Kxb7 29. Rf1 Bxg3 30. hxg3 Qxb2 31. Rf7+ Ka6 32. Qe3 Qb6 33. Qe2
Qb2 34. Qe3 Qb6 35. Qe2 Rxg4 36. Qa2+ Kb5 37. Qa8 Nc5 38. e5 Rg5 39. g4 Rxg4 40.
Kh2 Rg5 41. Qa2 Rh5+ 42. Kg3 Nb3 43. Qe2 Rg5+ 44. Kh2 Qd4 45. Rb7+ Ka6 46. Re7
Qf4+ 47. Kg1 Qd4+ 48. Kh2 Nd2 49. Re8 Nf1+ 50. Qxf1 Rh5+ 0-1

[Event "TCh-CHN 2016"]
[Site "China CHN"]
[Date "2016.04.14"]
[Round "3.1"]
[Board "5"]
[White "Liu, Manli"]
[Black "Dzagnidze, Nana"]
[Result "0-1"]
[BlackTitle "GM"]
[WhiteElo "2015"]
[BlackElo "2535"]
[WhiteTeam "Guangdong"]
[BlackTeam "Hangzhou"]
[WhiteFideId "8608121"]
[BlackFideId "13601903"]
[EventDate "2016.04.12"]

1. e4 Nf6 2. e5 Nd5 3. d4 d6 4. Nf3 Bg4 5. Be2 e6 6. O-O Be7 7. h3 Bh5 8. c4 Nb6
9. b3 Nc6 10. Bb2 O-O 11. Nbd2 Bg6 12. a3 dxe5 13. dxe5 a5 14. Re1 Nd7 15. Bc3
Nc5 16. Qc1 Nd3 17. Bxd3 Qxd3 18. Re3 Qd7 19. Ne4 Rfd8 20. Qb2 Qe8 21. Nfd2 Qf8
22. Kh2 Rd7 23. Kg1 Rad8 24. Kh2 b6 25. g3 h6 26. Kg2 Rd3 27. Rxd3 Rxd3 28. Kh2
Bf5 29. Qc2 Qd8 30. Qb2 Nd4 31. Rf1 Ne2 32. Nb1 Nxc3 33. Nexc3 Qd4 34. Qe2 Rxc3
35. Nxc3 Qxc3 36. Qe3 Qxe3 37. fxe3 Bxa3 38. Rd1 Bc2 39. Rd7 Bxb3 0-1

[Event "TCh-CHN 2016"]
[Site "China CHN"]
[Date "2016.04.14"]
[Round "3.2"]
[Board "1"]
[White "Zhao, Chenxi"]
[Black "Malakhov, Vladimir"]
[Result "0-1"]
[BlackTitle "GM"]
[WhiteElo "2035"]
[BlackElo "2695"]
[WhiteTeam "Shenzhen"]
[BlackTeam "Tianjing"]
[WhiteFideId "8611513"]
[BlackFideId "4120787"]
[EventDate "2016.04.12"]

1. e4 g6 2. d4 Bg7 3. Nf3 d6 4. c3 Nd7 5. Bd3 e5 6. Bg5 Ngf6 7. O-O h6 8. Bxf6
Qxf6 9. Nbd2 O-O 10. Nc4 Qe7 11. dxe5 dxe5 12. b4 b6 13. Qc2 Bb7 14. a4 a6 15.
Nfd2 Rfd8 16. Rfd1 h5 17. Nf1 Nf6 18. f3 h4 19. Nce3 a5 20. Qb3 Bf8 21. Nc2 Nh5
22. Bc4 Qf6 23. h3 Kg7 24. Nce3 Nf4 25. bxa5 Bc5 26. axb6 Nxh3+ 27. Kh2 Rxd1 28.
Qxd1 Qf4+ 29. Kxh3 Bxe3 30. Be6 Bxb6 31. Bg4 Bc6 32. Qc1 Qxc1 33. Rxc1 Rxa4 34.
Kxh4 f5 35. Bh3 Bf2+ 36. Kg5 Bc5 37. Kh4 Bf2+ 38. Kg5 fxe4 39. fxe4 Bxe4 40. c4
Bd3 41. Be6 e4 42. Kf4 Kf6 0-1

[Event "TCh-CHN 2016"]
[Site "China CHN"]
[Date "2016.04.14"]
[Round "3.2"]
[Board "2"]
[White "Zhu, Yi"]
[Black "Wang, Yue"]
[Result "0-1"]
[WhiteTitle "FM"]
[BlackTitle "GM"]
[WhiteElo "2318"]
[BlackElo "2718"]
[WhiteTeam "Shenzhen"]
[BlackTeam "Tianjing"]
[WhiteFideId "8607435"]
[BlackFideId "8601429"]
[EventDate "2016.04.12"]

1. d4 Nf6 2. c4 e6 3. Nc3 Bb4 4. e3 O-O 5. Ne2 Re8 6. g3 d5 7. a3 Bf8 8. Bg2
dxc4 9. O-O Nbd7 10. Qc2 Rb8 11. Rd1 b5 12. e4 Bb7 13. Bf4 a6 14. a4 b4 15. Nb1
b3 16. Qxc4 Nxe4 17. Nbc3 Nxc3 18. Nxc3 Bxg2 19. Kxg2 Nb6 20. Qxa6 Nd5 21. Nxd5
Qxd5+ 22. Kg1 Rb4 23. Bxc7 Ra8 24. Qd3 Rbxa4 25. Rxa4 Rxa4 26. Bb6 g6 27. Qc3 h5
28. Rc1 Bh6 29. Re1 Bg7 30. Qc5 Qf3 31. Qb5 Ra2 32. Qe2 Qd5 33. Rd1 Kh7 34. h3
Ra4 35. Qd3 Rb4 36. Ba7 Rb7 37. Qa6 Rc7 38. Qa1 Rc2 39. Rd3 Qc4 40. Rc3 Rxc3 41.
bxc3 Qe2 42. Bc5 Qa2 0-1

[Event "TCh-CHN 2016"]
[Site "China CHN"]
[Date "2016.04.14"]
[Round "3.2"]
[Board "3"]
[White "Yu, Kaifeng"]
[Black "Dai, Changren"]
[Result "1/2-1/2"]
[WhiteTitle "FM"]
[WhiteElo "2220"]
[BlackElo "2361"]
[WhiteTeam "Shenzhen"]
[BlackTeam "Tianjing"]
[WhiteFideId "8609667"]
[BlackFideId "8608156"]
[EventDate "2016.04.12"]

1. d4 Nf6 2. c4 g6 3. Nc3 Bg7 4. e4 d6 5. f3 O-O 6. Be3 e5 7. d5 c6 8. Qd2 cxd5
9. cxd5 a6 10. Bd3 Nbd7 11. Nge2 Nh5 12. g4 Nhf6 13. Ng3 b5 14. b4 Nb6 15. h4 a5
16. Nxb5 axb4 17. Rb1 Ba6 18. Rxb4 Nbxd5 19. exd5 Nxd5 20. Rb3 Nxe3 21. Qxe3
Bxb5 22. Rxb5 Rxa2 23. g5 Qc8 24. Ne2 Ra1+ 25. Rb1 Ra3 26. Rd1 d5 27. O-O Qh3
28. Qc5 Ra4 29. Qxd5 Qxh4 30. Bc2 Qxg5+ 31. Kf2 Rh4 32. Rh1 Bh6 33. Rxh4 Qxh4+
34. Kg2 Be3 35. Ng3 Bf4 36. Nf1 Qg5+ 37. Kf2 h5 38. Qd7 Rb8 39. Rd5 Kg7 40. Qh3
Rb2 41. Rc5 Qe7 42. Qc8 e4 43. fxe4 Qxe4 44. Rc4 Qe5 45. Rc6 Qd4+ 46. Kf3 Be5
47. Ne3 Qf4+ 48. Ke2 Bd4 49. Qe8 Rb8 50. Qe7 Bxe3 51. Rxg6+ Kh8 52. Rf6 Bc5 53.
Rxf4 Bxe7 54. Rxf7 1/2-1/2